000 00813cam a2200253 a 4500
001 000009595
005 20200929161633.0
008 870217s1991 pr 000 1 spa c
010 _a87080413
_z93123811
020 _a0865814066 (pbk.)
040 _aDO-SdBNP
_cTxU
_dTxU
_dBNPHU
042 _alcnccp
082 _aPR863.44
_bA162n
100 1 _aAbreu Adorno, Manuel,
_d1955-1984.
_914168
245 1 0 _aNo todas las suecas son rubias /
_cManuel Abreu Adorno.
260 _aSan Juan, Puerto Rico :
_bInstituto de Cultura Puertorriquena,
_c1991.
300 _a176 p. ;
_c23 cm.
490 1 _aLetras contemporáneas
650 4 _aNovela puertorriqueña
_91185
650 4 _aLiteratura puertorriqueña
_9250
830 0 _aLetras contemporáneas
_924438
910 _aCatalogación por copia / LC
049 _aBNGR
999 _c9355
_d9355